Our not-so-lonely planet travel guide (Titelsatznr. 1551)

[ MARC ]
MARC-Details
000 -LEADER
fixed length control field 01786pam a2200541 cc4500
001 - CONTROL NUMBER
control field 1325012238
003 - CONTROL NUMBER IDENTIFIER
control field DE-101
005 - DATE AND TIME OF LATEST TRANSACTION
control field 20260414145517.0
007 - PHYSICAL DESCRIPTION FIXED FIELD--GENERAL INFORMATION
fixed length control field tu
008 - FIXED-LENGTH DATA ELEMENTS--GENERAL INFORMATION
fixed length control field 240402s2025 gw ||||| |||| 00||||ger
015 ## - NATIONAL BIBLIOGRAPHY NUMBER
National bibliography number 25,A48
Canceled/invalid national bibliography number 24,N15
Source dnb
016 7# - NATIONAL BIBLIOGRAPHIC AGENCY CONTROL NUMBER
Source DE-101
Record control number 1325012238
020 ## - INTERNATIONAL STANDARD BOOK NUMBER
International Standard Book Number 9783757304980
Terms of availability Broschur : EUR 10.00 (DE), EUR 10.30 (AT)
020 ## - INTERNATIONAL STANDARD BOOK NUMBER
International Standard Book Number 3757304985
024 3# - OTHER STANDARD IDENTIFIER
Standard number or code 9783757304980
035 ## - SYSTEM CONTROL NUMBER
System control number (DE-599)DNB1325012238
035 ## - SYSTEM CONTROL NUMBER
System control number (OCoLC)1429293577
040 ## - CATALOGING SOURCE
Original cataloging agency 1245
Language of cataloging ger
Transcribing agency DE-101
Modifying agency 9999
Description conventions rda
041 ## - LANGUAGE CODE
Language code of text/sound track or separate title ger
Language code of original jpn
044 ## - COUNTRY OF PUBLISHING/PRODUCING ENTITY CODE
ISO country code XA-DE-BW
082 74 - DEWEY DECIMAL CLASSIFICATION NUMBER
Classification number 741.5
Assigning agency DE-101
Edition number 23sdnb
100 1# - MAIN ENTRY--PERSONAL NAME
Authority record control number or standard number (DE-588)1373126701
-- https://d-nb.info/gnd/1373126701
-- (DE-101)1373126701
Personal name Sorai, Mone
Relator term Verfasser
Relationship aut
Source of heading or term gnd
245 10 - TITLE STATEMENT
Title Our not-so-lonely planet travel guide
Number of part/section of a work 01
Statement of responsibility, etc. Mone Sorai ; aus dem Japanischen von Jan-Lukas Kuhn
250 ## - EDITION STATEMENT
Edition statement 1. Auflage
264 31 - PRODUCTION, PUBLICATION, DISTRIBUTION, MANUFACTURE, AND COPYRIGHT NOTICE
Place of production, publication, distribution, manufacture Ludwigsburg
Name of producer, publisher, distributor, manufacturer Manga Cult
Date of production, publication, distribution, manufacture, or copyright notice Juni 2025
300 ## - PHYSICAL DESCRIPTION
Extent circa 208 Seiten
336 ## - CONTENT TYPE
Content type term Text
Content type code txt
Source rdacontent
336 ## - CONTENT TYPE
Content type term unbewegtes Bild
Content type code sti
Source rdacontent
337 ## - MEDIA TYPE
Media type term ohne Hilfsmittel zu benutzen
Media type code n
Source rdamedia
338 ## - CARRIER TYPE
Carrier type term Band
Carrier type code nc
Source rdacarrier
653 ## - INDEX TERM--UNCONTROLLED
Uncontrolled term (Produktform)Paperback / softback
653 ## - INDEX TERM--UNCONTROLLED
Uncontrolled term Boys Love
653 ## - INDEX TERM--UNCONTROLLED
Uncontrolled term LGBT
653 ## - INDEX TERM--UNCONTROLLED
Uncontrolled term Hochzeit
653 ## - INDEX TERM--UNCONTROLLED
Uncontrolled term Reisen
653 ## - INDEX TERM--UNCONTROLLED
Uncontrolled term Weltreise
653 ## - INDEX TERM--UNCONTROLLED
Uncontrolled term Drama
653 ## - INDEX TERM--UNCONTROLLED
Uncontrolled term Slice of Life
653 ## - INDEX TERM--UNCONTROLLED
Uncontrolled term Selbstfindung
653 ## - INDEX TERM--UNCONTROLLED
Uncontrolled term Romance
653 ## - INDEX TERM--UNCONTROLLED
Uncontrolled term Fremde Kulturen
653 ## - INDEX TERM--UNCONTROLLED
Uncontrolled term Sehenswürdigkeiten
653 ## - INDEX TERM--UNCONTROLLED
Uncontrolled term (VLB-WN)1182: Hardcover, Softcover / Belletristik/Comic, Cartoon, Humor, Satire/Manga, Manhwa
655 #7 - INDEX TERM--GENRE/FORM
Authority record control number or standard number (DE-588)4010427-8
-- https://d-nb.info/gnd/4010427-8
-- (DE-101)040104273
Genre/form data or focus term Comic
Source of term gnd-content
773 08 - HOST ITEM ENTRY
Enumeration and first page 11
Record control number (DE-101)1373126892
942 ## - ADDED ENTRY ELEMENTS (KOHA)
Source of classification or shelving scheme Dewey Decimal Classification
Koha item type Manga
Suppress in OPAC No
Exemplare
Withdrawn status Lost status Source of classification or shelving scheme Damaged status Not for loan Home library Current library Shelving location Date acquired Total checkouts Barcode Date last seen Price effective from Koha item type
    Dewey Decimal Classification     Bunte Manga Potsdam Bunte Manga Potsdam Romance - Boy's Love 04/14/2026   1531 04/14/2026 04/14/2026 Manga

Powered by Koha